| 000 | 01209nam a22003497a 4500 | ||
|---|---|---|---|
| 003 | CHAP | ||
| 005 | 20220329134741.0 | ||
| 008 | 971013s1977 r 00010 d | ||
| 010 | _a25273 | ||
| 011 | _a26245 | ||
| 035 | _a30345 | ||
| 040 | _cCHAP | ||
| 082 |
_a664.8 _bI57 |
||
| 110 |
_aInstituto Internacional de Refrigeración _959233 |
||
| 245 | _aFreezing, frozen storage and freeze-drying of biological materials and foodsruffs | ||
| 260 |
_aParis : _bInstituto Internacional de Refrigeración, _c1977 |
||
| 300 |
_a494 p. _b: ilus. ; gráfs |
||
| 490 | _aScience et technique du froid | ||
| 590 |
_aBATCH-UPD _b10 _c20130110 _lUCH01 _h1446 |
||
| 590 |
_aBATCH-UPD _b10 _c20130410 _lUCH01 _h0915 |
||
| 590 |
_aBATCH-UPD _b10 _c20130914 _lUCH01 _h0128 |
||
| 590 |
_aCONVERSION _b10 _c20130109 _lUCH01 _h1315 |
||
| 650 | 1 | 4 |
_aAlimentos congelados. _94302 |
| 650 | 1 | 4 |
_aAlimentos _xAlmacenamiento. _94162 |
| 650 | 1 | 4 |
_aAlimentos _xDeshidratación. _94212 |
| 650 | 1 | 4 |
_aAlimentos _xPreservación. _94266 |
| 650 | 1 | 4 |
_aFrigoríficos. _943317 |
| 830 | 0 |
_aScience et technique du froid _9103316 |
|
| 901 | _aBK | ||
| 942 | _cLIBRO | ||
| 949 |
_a664.8 I57 _bBC _cLIBRO _d33724000100996 _eLIBRO _h56759 _i30345 _mD _si |
||
| 999 |
_c25273 _d25273 |
||